Peam Kra Soab eco-tourism community management in koh kong province; ការគ្រប់គ្រងសហគមន៍អេកូទេសចរណ៍ពាមក្រសោប ខេត្តកោះកុង (Record no. 10688)
[ view plain ]
| 000 -LEADER | |
|---|---|
| fixed length control field | 00626nam a22001577a 4500 |
| 003 - CONTROL NUMBER IDENTIFIER | |
| control field | OSt |
| 005 - DATE AND TIME OF LATEST TRANSACTION | |
| control field | 20161102160803.0 |
| 008 - FIXED-LENGTH DATA ELEMENTS--GENERAL INFORMATION | |
| fixed length control field | 161102b xxu||||| |||| 00| 0 eng d |
| 040 ## - CATALOGING SOURCE | |
| Transcribing agency | RUA |
| 082 ## - DEWEY DECIMAL CLASSIFICATION NUMBER | |
| Classification number | FOR HOU 2015 B524 Or. |
| 100 ## - MAIN ENTRY--PERSONAL NAME | |
| 9 (RLIN) | 11113 |
| Personal name | HOUT CHANSETHEY; ហួត ចាន់សេដ្ឋី |
| 245 ## - TITLE STATEMENT | |
| Title | Peam Kra Soab eco-tourism community management in koh kong province; ការគ្រប់គ្រងសហគមន៍អេកូទេសចរណ៍ពាមក្រសោប ខេត្តកោះកុង |
| 260 ## - PUBLICATION, DISTRIBUTION, ETC. (IMPRINT) | |
| Place of publication, distribution, etc. | Phnom Penh |
| Name of publisher, distributor, etc. | RUA |
| Date of publication, distribution, etc. | 2015 |
| 300 ## - PHYSICAL DESCRIPTION | |
| Extent | x; 37p |
| Other physical details | ill. |
| Dimensions | 29cm. |
| 942 ## - ADDED ENTRY ELEMENTS (KOHA) | |
| Source of classification or shelving scheme | |
| Koha item type | FOR |
No items available.